| 000 | 01060nam a2200241 i 4500 | ||
|---|---|---|---|
| 001 | 158122 | ||
| 003 | ES-MaACL | ||
| 005 | 20230906211026.0 | ||
| 008 | 040713s1883 sp |||| | spa d | ||
| 040 |
_aCAM _bspa _cCAM |
||
| 080 | _a591.69 | ||
| 110 | 2 |
_aLos Escolares Veterinarios. _9134663 |
|
| 245 | 1 | 0 |
_aMemoria reglamentaria _b: curso de 1882 a 1883 / _cpor Joaquín González y García . Y discurso inaugural / por Victoriano Medina y Ruiz. |
| 246 | 3 | 5 | _aDel parasitismo bajo el concepto de la etiología |
| 260 |
_aMadrid : _b[s.n.], _c1883 ( _fImp. de la Viuda e Hijo de Aguado) |
||
| 300 |
_a32 p. ; _c22 cm. |
||
| 594 | _aPrecede al tít.: Los Escolares Veterinarios, Sociedad Científica. | ||
| 594 | _aTema del discurso de Victoriano Medina Ruiz: Del parasitismo bajo el concepto de la etiología. | ||
| 650 | 0 | 4 |
_aParásitos. _9136662 |
| 700 | 1 |
_aGonzález García, Joaquín. _9127412 |
|
| 700 | 1 |
_aMedina Ruiz, Victoriano. _9129785 |
|
| 852 |
_aES-MaACL _jT-844-F-2 _z- Enc. hol., conservando cub. original _z- Enc. en un vol. facticio |
||
| 999 |
_c158122 _d158122 |
||